000 00545nam a2200193Ia 4500
003 IN-BaIIA
008 211028s9999 xx 000 0 eng d
020 _a0-00-211910-2
040 _cIIA Library
080 _a502.7(54)
_bGEE
100 _aGee, E. P.
_99807
245 4 _aThe wild life of India
_cE. P. Gee
250 _a2nd ed.
260 _aLondon
_bCollins
_c1975
300 _a192p.
650 _aAstronomy and astrophysics thesaurus
650 _aWild life India
_99808
942 _cBK
999 _c5645
_d5645